00604nam a2200157 a 4500008004100000020001500041050002000056100001300076245002800089246004900117260002200166350000900188995009600197999001700293952013600310120416s1997 ||||||||||||||||| || u a0750624272 aHF 5415.153 Jon aJones, T10aNew product development aan introduction to a multifunctional process aOxfordbB-Hc1997 a0.00 D0.00FCBU-MAIN LIBRARY (Kitwe)H1I15.95M1UAVAILABLEZMain Library Open Access Collection c52185d52185 00102lcc4070a001b001cMain Library Open Access Collectiond2022-11-30l0oHF 5415.153 Jonp027274r2022-11-30w2022-11-30y002